000 00563nam a22001577a 4500
005 20251117105404.0
008 251117b |||||||| |||| 00| 0 eng d
020 _a979-8-88715-084-0
100 _aEPSTEIN, GARY
245 _aMETADATA AND DIGITAL LIBRARY SYTSEMS
260 _aDUBLIN
_bORYSON PRESS
_c2023
300 _aVI, 300P.
500 _aINCLUDES INDEX
650 _a1.METADATA- LIBRARY APPLICATIONS 2. DIGITAL LIBRARIES - MANAGEMENT 3. INFORMATION ORGANIZATIONS -STANDARDS 4. INFORMATION STORAGE AND RETRIEVAL SYSTEMS - LIBRARIES
942 _2lcc
_cBK
999 _c216195
_d216195